LEADER 00975nam a2200193 i 4500 001 000000213802 003 CaOOAMICUS 005 20120607000000.0 008 120607s1891 it u000 u ita u 013 $a192657 040 $aSeMil$bita 245 10$aDei fonti e dell'autorità storica di C. Crispo Sallustio :$bDissertazione di laurea : premiata col premio Lattes dalla R. Accademia .... /$cPaolo Bellezza. 260 $aMilano :$bCooperativa editrice italiana,$c1891. 300 $a182 p. ;$c20 cm. 600 04$aSallustio, Crispo Gaio <86-34 a.C.>.$0(OLS)http://semarc/subject/28288 850 $aSeMil 852 $aSeMil$W1$xVenegono$y1$m1Z II 114 FA$j164230$B164230$CSeMilBibl$Z2$F175276 $8I 996 $6245$aDei fonti e dell'autorità storica di C. Crispo Sallustio :$bDissertazione di laurea : premiata col premio Lattes dalla R. Accademia ....$9(OLS)http://semarc/title/308179 996 $6260$aMilano :$bCooperativa editrice italiana$9(OLS)http://semarc/publisher/52092 LEADER 01204nam a2200277 i 4500 001 000000074085 003 CaOOAMICUS 005 20111128000000.0 008 111128s1967 it u000 u ita u 013 $a45257 040 $aSeMil$bita 100 1 $aBerti, Luciano,$d<1922-2010>.$0(OLS)http://semarc/name/11518 245 13$aIl principe dello studiolo :$bFrancesco 1. dei Medici e la fine del Rinascimento fiorentino /$cLuciano Berti. 260 $aFirenze :$bEDAM,$ccopyr. 1967. 300 $a324 p., [23] c. di tav., [146] p. di tav. ;$c25 cm. 490 0 $aGrandangolare 500 $aFondo Ciprandi. 600 14$aFrancesco I : de' Medici <1541-1587>.$0(OLS)http://semarc/subject/15124 650 4$aFirenze - Storia.$0(OLS)http://semarc/subject/361 830 0$aGrandangolare.$0(OLS)http://semarc/title/34913 850 $aSeMil 852 $aSeMil$W1$xVenegono$y1$m3T III 202$j40237$B40237$CSeMilBibl$Z2$F40241 $81 941 1 $a1 961 $aOmaggio: Ciprandi dott. Paolo 996 $6245$aIl principe dello studiolo :$bFrancesco 1. dei Medici e la fine del Rinascimento fiorentino$9(OLS)http://semarc/title/120194 996 $6260$aFirenze :$bEDAM$9(OLS)http://semarc/publisher/35402